banner-ar

الدليل الشامل لمصممى الجرافيك : (Record no. 63096)

MARC details
000 -الفاتح
حقل البيانات ثابتة الطول 00784nam a22001937a 4500
005 - وقت وتاريخ اخر تعامل مع التسجيلة
رقم الضبط 20240530110623.0
008 - عناصر البيانات ثابتة الطول - معلومات عامة
حقل البيانات ثابتة الطول 161228q199؟ ua afk|f b 000 0dara d
040 ## - مصدر الفهرسة
وكالة الفهرسة الأصلية EG-CaGPL
وكالة النسخ EG-CaGPL
082 04 - رقم تصنيف ديوى العشرى
رقم الطبعة 21
رقم التصنيف 741.6\
رقم المادة أ د
100 0# - المدخل الرئيسى - إسم شخصى
الإسم الشخصى احمد جمال احمد عيد
245 12 - بيان العنوان
العنوان الدليل الشامل لمصممى الجرافيك :
بقية العنوان دراسة حول اسس التصميم الجرافيكى /
بيان المسئوليه,etc اعداد احمد جمال احمد عيد
260 ## - PUBLICATION, DISTRIBUTION, ETC. (IMPRINT)
تاريخ النشر أو التوزيع [199-].
300 ## - الوصف المادى
التعداد 134 ص. :
تفاصيل ماديه اخرى للوعاء ايض ؛
أبعاد الوعاء 24 سم.
504 ## - تبصرة ببليوجرافية
تبصرة ببليوجرافية,الخ يشتمل على ارجاعات ببليوجرافية
650 07 - المدخل الاضافى بالموضوع-مصطلح موضوعى
مصدر الرأس أو المصطلح qrmak
مصطلح موضوعي التصميم
653 04 - مصطلح تكشيفى غير مقيد
مصطلح غير مقيد التصميم الجرافيكى
942 ## - عناصر المدخل الإضافي( كوها)
مصدر التصنيف او مخطط الترفيف Dewey Decimal Classification
Koha [default] item type كتاب
260 ## - PUBLICATION, DISTRIBUTION, ETC. (IMPRINT)
-- القاهرة :
-- المؤلف ،
Holdings
حالة التراجع حالة الفقد حالة تلف ليس للاعارة المكان المؤقت الموقع الحالى موقع الترفيف تاريخ الاكتساب اجمالي اﻻعارات رقم الطلب الباركود تاريخ اخر مشاهدة تاريخ تفعيل السعر نوع وعاء كوها
        مكتبة القاهرة الكبرى مكتبة القاهرة الكبرى   12/28/2016   741.6\ أ د 163054 12/28/2016 12/28/2016 كتاب

Powered By

EGPV